[Event "Iberoamerican-ch 9th"]
[Site "Panama City"]
[Date "2023.11.30"]
[Round "7"]
[White "Pelaez De la Cruz, Angel David"]
[Black "Riquelme Quintero, Eduard Radames"]
[Result "0-1"]
[WhiteElo "1511"]
[BlackElo "1863"]
[PlyCount "110"]
[EventDate "2023.11.25"]
[EventType "swiss"]
[EventRounds "9"]
[EventCountry "PAN"]
[SourceTitle "CBM 217 Extra"]
[Source "ChessBase"]
[SourceDate "2024.01.31"]
[SourceVersion "1"]
[SourceVersionDate "2024.01.31"]
[SourceQuality "1"]

1. d4 e6 2. Nf3 b6 3. g3 Bb7 4. Bg2 Nf6 5. Nc3 Bb4 6. 0-0 0-0 7. a3 Bxc3 8. bxc3 Be4 9. Ng5 Bxg2 10. Kxg2 d5 11. Nf3 Nc6 12. Qd3 Na5 13. Ne5 Ne4 14. f3 Nd6 15. e4 f6 16. Ng4 Nac4 17. Ne3 c6 18. Re1 Qd7 19. Nxc4 Nxc4 20. e5 fxe5 21. dxe5 Qc7 22. f4 g6 23. a4 Qe7 24. Qe2 Kg7 25. h4 h5 26. Rh1 Qf7 27. Bd2 Qf5 28. Be1 Qxc2 29. Ra2 Qxe2+ 30. Rxe2 a5 31. Kf3 Rf5 32. g4 hxg4+ 33. Kxg4 b5 34. Ra2 Raf8 35. Bd2 Nxd2 36. Rxd2 Rxf4+ 37. Kg3 Rxa4 38. h5 g5 39. h6+ Kh7 40. Rhh2 Rc4 41. Rd3 b4 42. cxb4 axb4 43. Rb3 Rf5 44. Re3 Rc3 45. Rxc3 bxc3 46. Rf2 d4 47. Kg4 Kxh6 48. Ra2 d3 49. Ra6 Rf4+ 50. Kg3 Rc4 51. Kf3 c2 52. Ra1 d2 53. Ke2 c1Q 54. Rxc1 dxc1Q 55. Kd3 Qc2+ 0-1

[Event "Iberoamerican-ch 9th"]
[Site "Panama City"]
[Date "2023.11.27"]
[Round "4"]
[White "Riquelme Quintero, Eduard Radames"]
[Black "Almedina Ortiz, Edgardo J"]
[Result "0-1"]
[WhiteElo "1863"]
[BlackElo "2158"]
[PlyCount "98"]
[EventDate "2023.11.25"]
[EventType "swiss"]
[EventRounds "9"]
[EventCountry "PAN"]
[SourceTitle "CBM 217 Extra"]
[Source "ChessBase"]
[SourceDate "2024.01.31"]
[SourceVersion "1"]
[SourceVersionDate "2024.01.31"]
[SourceQuality "1"]

1. c4 Nf6 2. Nc3 e5 3. g3 d5 4. cxd5 Nxd5 5. Bg2 Nb6 6. d3 Be7 7. Nf3 Nc6 8. 0-0 0-0 9. a3 Re8 10. Be3 Bf8 11. Qc2 Nd4 12. Bxd4 exd4 13. Nb5 c5 14. b4 a6 15. bxc5 axb5 16. cxb6 Qxb6 17. Qb2 Ra4 18. Rfb1 Bd7 19. Qb3 Qf6 20. Nd2 Bc6 21. Bxc6 bxc6 22. Ne4 Qe6 23. Qxe6 Rxe6 24. Ra2 b4 25. f4 c5 26. Kf2 Rea6 27. Rc2 Rxa3 28. Nxc5 Rc6 29. Rxb4 Rxc5 30. Rxc5 Bxc5 31. Rb8+ Bf8 32. Rd8 f5 33. Kf3 Ra4 34. g4 fxg4+ 35. Kxg4 Kf7 36. h3 Be7 37. Rd5 Bf6 38. f5 Ra7 39. Rb5 Re7 40. Rb2 Re3 41. Rb7+ Ke8 42. Rb8+ Kd7 43. Rb2 Kc6 44. Ra2 Kc5 45. h4 Kb4 46. Ra1 Rxe2 47. Rg1 Kc3 48. Rg3 Re3 49. Kh5 g6+ 0-1

[Event "Iberoamerican-ch 9th"]
[Site "Panama City"]
[Date "2023.11.26"]
[Round "3"]
[White "Ramos Espinoza, Efren Andres"]
[Black "Riquelme Quintero, Eduard Radames"]
[Result "0-1"]
[WhiteElo "2170"]
[BlackElo "1863"]
[PlyCount "124"]
[EventDate "2023.11.25"]
[EventType "swiss"]
[EventRounds "9"]
[EventCountry "PAN"]
[SourceTitle "CBM 217 Extra"]
[Source "ChessBase"]
[SourceDate "2024.01.31"]
[SourceVersion "1"]
[SourceVersionDate "2024.01.31"]
[SourceQuality "1"]

1. d4 d5 2. Nf3 Nf6 3. c4 c6 4. g3 e6 5. Bg2 Nbd7 6. 0-0 Be7 7. Nbd2 0-0 8. Qc2 Re8 9. b3 b6 10. Bb2 Bb7 11. Rfd1 Rc8 12. e4 dxe4 13. Nxe4 Qc7 14. Nc3 Bd6 15. Ng5 h6 16. Nge4 Be7 17. Rac1 Red8 18. Qe2 Qb8 19. a3 Nxe4 20. Qxe4 Nf6 21. Qe2 Re8 22. Qf3 Ba8 23. Qd3 Rcd8 24. Qc2 a5 25. Rd2 Rd7 26. Rcd1 Red8 27. Bh3 Bb7 28. Na4 Qa7 29. Bf1 Ba6 30. Bg2 Bb7 31. Nc3 Qa8 32. h3 c5 33. Bxb7 Qxb7 34. Nb5 Ne4 35. Rd3 cxd4 36. Bxd4 Ng5 37. Qe2 Nxh3+ 38. Kh2 Ng5 39. f4 Nh7 40. g4 Nf6 41. Bxf6 Bxf6 42. Qe3 Rxd3 43. Rxd3 Rxd3 44. Qxd3 Qb8 45. Qd6 Qxd6 46. Nxd6 Be7 47. Nb5 Bc5 48. Kg3 f6 49. Kf3 g6 50. f5 gxf5 51. gxf5 exf5 52. Kf4 Kf7 53. Kxf5 h5 54. b4 axb4 55. axb4 Bxb4 56. Nc7 Bc5 57. Nd5 Bd4 58. Ke4 Bf2 59. Kf5 h4 60. Nxf6 h3 61. Ng4 Bg3 62. Ke4 h2 0-1

[Event "Iberoamerican-ch 9th"]
[Site "Panama City"]
[Date "2023.11.26"]
[Round "2"]
[White "Riquelme Quintero, Eduard Radames"]
[Black "Rodriguez Vila, Andres"]
[Result "0-1"]
[WhiteElo "1863"]
[BlackElo "2405"]
[PlyCount "46"]
[EventDate "2023.11.25"]
[EventType "swiss"]
[EventRounds "9"]
[EventCountry "PAN"]
[SourceTitle "CBM 217 Extra"]
[Source "ChessBase"]
[SourceDate "2024.01.31"]
[SourceVersion "1"]
[SourceVersionDate "2024.01.31"]
[SourceQuality "1"]

1. c4 e5 2. Nc3 Bb4 3. Nd5 Bc5 4. Nf3 c6 5. b4 Bxf2+ 6. Kxf2 cxd5 7. cxd5 e4 8. Bb2 Nf6 9. Ne5 0-0 10. Qb3 d6 11. Nc4 Nxd5 12. Qg3 f6 13. Qxd6 b5 14. Qxd8 Rxd8 15. Na3 Nc6 16. Nxb5 Rb8 17. e3 Ndxb4 18. Bc4+ Kh8 19. Bc3 Ne5 20. Be2 Nbd3+ 21. Kg3 Rxb5 22. Rhb1 Rbd5 23. Rb8 Nc6 0-1

[Event "Iberoamerican-ch 9th"]
[Site "Panama City"]
[Date "2023.11.25"]
[Round "1"]
[White "Espinoza Solano, Jose Nahum"]
[Black "Riquelme Quintero, Eduard Radames"]
[Result "0-1"]
[WhiteElo "2183"]
[BlackElo "1863"]
[PlyCount "118"]
[EventDate "2023.11.25"]
[EventType "swiss"]
[EventRounds "9"]
[EventCountry "PAN"]
[SourceTitle "EXT 2025"]
[Source "ChessBase"]
[SourceDate "2024.10.14"]
[SourceVersion "1"]
[SourceVersionDate "2024.10.14"]
[SourceQuality "1"]

1. e4 e6 2. d3 d5 3. Nd2 c5 4. Ngf3 Nc6 5. g3 Nf6 6. Bg2 Be7 7. 0-0 b6 8. Re1 Bb7 9. e5 Nd7 10. Nf1 Qc7 11. Bf4 h6 12. h4 0-0-0 13. c3 Rdg8 14. d4 cxd4 15. cxd4 g5 16. hxg5 hxg5 17. Be3 f6 18. exf6 Bxf6 19. Qa4 Kb8 20. Rac1 Qd6 21. a3 Rh5 22. N3h2 e5 23. dxe5 Ncxe5 24. Red1 Qe6 25. Qc2 Rc8 26. Qe2 Rch8 27. Bd4 g4 28. f4 gxf3 29. Nxf3 Qg4 30. Qf2 Qe4 31. N3h2 Qg6 32. Be3 Qh7 33. Bxd5 Nd3 34. Bf4+ Be5 35. Rxd3 Qxd3 36. Bxb7 Kxb7 37. Qg2+ Ka6 38. Bxe5 Nxe5 39. Rc7 Qd4+ 40. Kh1 b5 41. Qb7+ Ka5 42. b4+ Ka4 43. Qxa7+ Qxa7 44. Rxa7+ Kb3 45. Kg2 Nc4 46. g4 Rh4 47. g5 Nxa3 48. Nd2+ Kxb4 49. Nhf3 Rg4+ 50. Kf2 Nc4 51. Nf1 Rf8 52. N1h2 Rxg5 53. Re7 Rgf5 54. Ra7 R8f6 55. Ra1 Ne5 56. Rb1+ Ka5 57. Ra1+ Kb6 58. Ra3 b4 59. Rb3 Rxf3+ 0-1